000 00237nam a2200097Ia 4500
008 240331s9999 xx 000 0 und d
082 _a303.4
_bVAJ
100 _aVajpeyi, D.K
245 0 _aModernization and social change in India
942 _cL
999 _c1212
_d1212